Современные информационные технологии в образовании, науке и промышленности (Запись № 13674096)
[ простой вид ]
| 000 -МАРКЕР | |
|---|---|
| контрольное поле | 03991nam0a2200469 4500 |
| 001 - ИДЕНТИФИКАТОР ЗАПИСИ | |
| контрольное поле | RU\NLR\BIBL_A\022556111 |
| 005 - ИДЕНТИФИКАТОР ВЕРСИИ | |
| контрольное поле | 20260420045301.0 |
| 010 ## - МЕЖДУНАРОДНЫЙ СТАНДАРТНЫЙ НОМЕР КНИГИ (ISBN) | |
| Номер (ISBN) | 978-5-907681-45-3 |
| Тираж | 15 |
| 021 ## - НОМЕР ГОСУДАРСТВЕННОЙ РЕГИСТРАЦИИ | |
| Код страны | российская федерация |
| Номер | КН-П-25-021407 |
| Номер Листа государственной регистраци | КН-П-25-2164 |
| 035 ## - ДРУГИЕ СИСТЕМНЫЕ НОМЕРА | |
| Идентификатор записи | (NLR Aleph) 022556111 |
| 100 ## - ДАННЫЕ ОБЩЕЙ ОБРАБОТКИ | |
| Данные общей обработки | 20250602d2023 k y0rusy50 ca |
| 101 0# - ЯЗЫК РЕСУРСА | |
| Язык текста, звукозаписи и т.д. | русский |
| Язык резюме | английский |
| 102 ## - СТРАНА ПУБЛИКАЦИИ ИЛИ ПРОИЗВОДСТВА | |
| Страна публикации | российская федерация |
| 105 ## - ПОЛЕ КОДИРОВАННЫХ ДАННЫХ: ТЕКСТОВЫЕ МАТЕРИАЛЫ, МОНОГРАФИЧЕСКИЕ | |
| Кодированные данные о монографическом текстовом документе | a z 110yy |
| 181 #0 - ПОЛЕ КОДИРОВАННЫХ ДАННЫХ: ВИД СОДЕРЖАНИЯ | |
| Код вида содержания (ISBD) | i3 |
| Код характеристики содержания (ISBD) | axxe |
| 182 #0 - ПОЛЕ КОДИРОВАННЫХ ДАННЫХ: ТИП СРЕДСТВА | |
| Код типа средства (ISBD) | n - непосредственное |
| 200 1# - ЗАГЛАВИЕ И СВЕДЕНИЯ ОБ ОТВЕТСТВЕННОСТИ | |
| Основное заглавие | Современные информационные технологии в образовании, науке и промышленности |
| Параллельное заглавие | Modern information technologies in education, science and industry |
| Сведения, относящиеся к заглавию | XXVI Международная конференция |
| Язык параллельного заглавия | английский |
| 203 ## - ВИД СОДЕРЖАНИЯ И ТИП СРЕДСТВА | |
| Вид содержания | Текст |
| Дополнительные сведения об издании | визуальный |
| Тип средства | непосредственный |
| 210 ## - ПУБЛИКАЦИЯ, РАСПРОСТРАНЕНИЕ И ДР. | |
| Место издания, распространения и т.д. | Москва |
| Имя издателя, распространителя и т. д. | Экон-Информ |
| Дата издания, распространения и т.д. | 2023 |
| 215 ## - ФИЗИЧЕСКАЯ ХАРАКТЕРИСТИКА | |
| Специфическое обозначение материала и объем | 203 с. |
| Другие сведения о физической характеристике | ил. |
| Размеры | 21 |
| 300 ## - ОБЩИЕ ПРИМЕЧАНИЯ | |
| Текст примечания | Рез. на англ. яз. |
| 300 ## - ОБЩИЕ ПРИМЕЧАНИЯ | |
| Текст примечания | Посвящается: Году педагога и наставника, 200-летию со дня рождения основателя рос. педагогики К. Д. Ушинского |
| 320 ## - ПРИМЕЧАНИЯ О НАЛИЧИИ В ДОКУМЕНТЕ БИБЛИОГРАФИИ / УКАЗАТЕЛЯ | |
| Текст примечания | Библиогр. в конце ст. |
| 423 #0 - ИЗДАЕТСЯ В ОДНОЙ ОБЛОЖКЕ ВМЕСТЕ С ... | |
| Встроенное поле | 2001#$aXXIV Международный конкурс научных и научно-методических работ$dXXIV International competition scientific and scientific-methodical works$zeng |
| -- | 210##$aМосква$d2023 |
| -- | 215##$aС. 124-182 |
| Заглавие | XXIV Международный конкурс научных и научно-методических работ |
| 423 #0 - ИЗДАЕТСЯ В ОДНОЙ ОБЛОЖКЕ ВМЕСТЕ С ... | |
| Встроенное поле | 2001#$aIII Международный конкурс "Нейросетевой рисунок"$dIII International competition "Neural network drawing"$e[к сборнику в целом] сборник трудов$fМеждународная академия информатизации, Региональное отделение "Информационные технологии и процессы" [и др.]$gответственный редактор и составитель: Т. В. Пирязева$zeng |
| -- | 210##$aМосква$d2023 |
| -- | 215##$aС. 183-200 |
| Заглавие | III Международный конкурс "Нейросетевой рисунок" |
| 510 1# - ПАРАЛЛЕЛЬНОЕ ЗАГЛАВИЕ | |
| Параллельное заглавие | Modern information technologies in education, science and industry |
| Язык заглавия | английский |
| 606 1# - НАИМЕНОВАНИЕ ТЕМЫ КАК ПРЕДМЕТ | |
| Наименование темы | Образование |
| Формальный подзаголовок | Съезды, совещания и т.п |
| Тематический подзаголовок | Информационные технологии |
| Системный номер авторитетной/нормативной записи | 2103593 |
| Идентификатор авторитетной/нормативной записи | RU\NLR\AUTH\661575610 |
| 606 1# - НАИМЕНОВАНИЕ ТЕМЫ КАК ПРЕДМЕТ | |
| Наименование темы | Наука |
| Формальный подзаголовок | Съезды, совещания и т.п |
| Тематический подзаголовок | Информационные технологии |
| Системный номер авторитетной/нормативной записи | 2404964 |
| Идентификатор авторитетной/нормативной записи | RU\NLR\AUTH\661433320 |
| 606 1# - НАИМЕНОВАНИЕ ТЕМЫ КАК ПРЕДМЕТ | |
| Наименование темы | Промышленность |
| Формальный подзаголовок | Съезды, совещания и т.п |
| Тематический подзаголовок | Информационные технологии |
| Системный номер авторитетной/нормативной записи | 2213950 |
| Идентификатор авторитетной/нормативной записи | RU\NLR\AUTH\6601563460 |
| 686 1# - ИНДЕКСЫ ДРУГИХ КЛАССИФИКАЦИЙ | |
| Индекс | У30(0)в612я431 |
| 686 1# - ИНДЕКСЫ ДРУГИХ КЛАССИФИКАЦИЙ | |
| Индекс | Ч312.31я431 |
| 686 1# - ИНДЕКСЫ ДРУГИХ КЛАССИФИКАЦИЙ | |
| Индекс | Ч21ф.я431 |
| 702 #1 - ИМЯ ЛИЦА - ВТОРИЧНАЯ ОТВЕТСТВЕННОСТЬ | |
| Начальный элемент ввода | Пирязева |
| Часть имени, кроме начального элемента ввода | Т. В. |
| Расширение инициалов личного имени | Татьяна Васильевна |
| Код отношения | Редактор |
| -- | Составитель |
| 711 12 - НАИМЕНОВАНИЕ ОРГАНИЗАЦИИ - АЛЬТЕРНАТИВНАЯ ОТВЕТСТВЕННОСТЬ | |
| Начальный элемент ввода | "Современные информационные технологии в образовании, науке и промышленности", международная конференция |
| Порядковый номер временной организации и / или порядковый номер ее части | 26 |
| Место проведения временной организации | Москва |
| Дата проведения временной организации | 2023 |
| Системный номер авторитетной/нормативной записи | 2660592 |
| Идентификатор авторитетной/нормативной записи | RU\NLR\AUTH\880628224 |
| 711 12 - НАИМЕНОВАНИЕ ОРГАНИЗАЦИИ - АЛЬТЕРНАТИВНАЯ ОТВЕТСТВЕННОСТЬ | |
| Начальный элемент ввода | "Нейросетевой рисунок", международный конкурс |
| Порядковый номер временной организации и / или порядковый номер ее части | 3 |
| Место проведения временной организации | Москва |
| Дата проведения временной организации | 2023 |
| Системный номер авторитетной/нормативной записи | 2660591 |
| Идентификатор авторитетной/нормативной записи | RU\NLR\AUTH\880628223 |
| 712 02 - НАИМЕНОВАНИЕ ОРГАНИЗАЦИИ - ВТОРИЧНАЯ ОТВЕТСТВЕННОСТЬ | |
| Код отношения | Организатор конференции |
| Начальный элемент ввода | Международная академия информатизации |
| Структурное подразделение | Региональное отделение "Информационные технологии и процессы" |
| Идентифицирующий признак | Москва |
| Системный номер авторитетной/нормативной записи | 715932 |
| Идентификатор авторитетной/нормативной записи | RU\NLR\AUTH\880527153 |
| 942 ## - ДОПОЛНИТЕЛЬНЫЕ ЭЛЕМЕНТЫ ЗАПИСИ (АБИС) | |
| Тип экземпляра АБИС | Книга |
| 980 ## - КОЛЛЕКЦИЯ | |
| Название коллекции | Национальная библиография |
Нет доступных экземпляров.